| 000 | 01006nam a22002657a 4500 | ||
|---|---|---|---|
| 999 |
_c6778 _d6778 |
||
| 003 | AR-CdUCM | ||
| 008 | 190319b ||||| |||| 00| 0 spa d | ||
| 020 | _a84-205-0614-1 | ||
| 020 | _a0-07-067651-8 | ||
| 040 |
_aMUNICIPALIDAD PROVINCIAL DEL CUSCO _cBIBLIOTECA MUNICIPAL DEL CUSCO |
||
| 082 |
_a508 / _bW13 |
||
| 100 |
_aWadsworth, G. P. _919074 |
||
| 245 | _aAplicaciones de la teoria de probabilidades y variables aleatorias / | ||
| 260 |
_aMadrid : _bAlhambra, _c1979. |
||
| 300 |
_a618 paginas ; _bilustraciones, graficos, tablas, dibujos, formulas _c20cm. |
||
| 440 |
_aExedra - ciencia tecnica ingenieria _n126 _919075 |
||
| 505 | _aContenido: Conceptos probabilisticos -- variables aleatorias -- probabilidad y ecuaciones -- distribuciones descompuestas -- esperanza matematica... | ||
| 650 |
_aMatematicas _99398 |
||
| 650 |
_aProbabilidades _916891 |
||
| 650 |
_aEcuaciones _919076 |
||
| 650 |
_aVariables _96327 |
||
| 700 |
_aBryan, J. G. _919077 |
||
| 942 |
_2ddc _cLIBROS |
||
| 945 | _apjha | ||